000 00571nam a22001217a 4500
040 _cRUA
082 _aRUA CDR 2010 C160 Or.
100 _aវិទ្យាស្ថានបណ្ដុះបណ្ដាល និងស្រាវជ្រាវដើម្បីអភិវឌ្ឍន៍កម្ពុជា(CDRI)
245 _aចំណាកស្រុករបស់ យុវជន និងនគរូបនីយកម្ម នៅប្រទេសកម្ពុជា
260 _aPHNOM PENH
_bRUA
_c2010
300 _a73p.
_bill.
_c29cm.
942 _cREC
999 _c25525
_d25525